Statystyki dla Najpopularniejszy utwór Sentino w danym albumie [14.08.2023]

Kliknij tutaj aby rozwiązać quiz!

Ogólne statystyki

  • Ten quiz został rozwiązany 190 razy
    (44 od ostatniego zresetowania)
  • Średni wynik to 9 z 20

Statystyki odpowiedzi

AlbumNazwa% Poprawnych
King SentoRio
91%
ZL4EVERMidas
78%
MegalomaniaTrójkąt Bermudzki
78%
AporofobiaPowww!
75%
Czary MarySicario
72%
Zabójstwo Liryczne 2Vitalyi
72%
FenixHalo Policja
69%
Zabójstwo Liryczne EPilogHelikopter nad blokiem
69%
KOŁYSANKI DLA ULICYKOSMOS
66%
Zabójstwo Liryczne 1Wiecznie
59%
Zabójstwo Liryczne 3Zapytaj O Mnie
53%
Ganando la VidaKobe
31%
Ich bin Deutscher Hip HopIch bin Deutscher Hip Hop
25%
Zabójstwo Liryczne 0Oni albo ja 2
25%
SmileBroskis
16%
Sentinos Way IIIMilieu
16%
Sentinos Way IINutte Nutte
16%
El MaloZL Regime
16%
20/20Stop
13%
Sentinos WayAlles ok
6%

Rozkład punktacji

Percentyl według liczby udzielonych odpowiedzi

Procent ludzi z każdym wynikiem

Twoja historia wyników

Nie rozwiązałeś tego quizu od ostatniego zresetowania